As aventuras de mariana: quero ser médica (Record no. 190662)

MARC details
000 -LÍDER
campo de controle de tamanho fixo 00399 a2200157 4500
001 - NÚMERO DE CONTROLE
campo de controle 190662
020 ## - ISBN - INTERNATIONAL STANDARD BOOK NUMBER
ISBN - International Standard Book Number 978-85-63428-02-8
040 ## - FONTE DA CATALOGAÇÃO
Instituição que transcreveu o registro Magnum
100 ## - ENTRADA PRINCIPAL--NOME PESSOAL
Nome pessoal Mcalister, Marta Ribeiro
240 10 - TÍTULO UNIFORME
Título uniforme As aventuras de mariana: quero ser médica
Idioma da obra por
245 10 - TÍTULO
Título As aventuras de mariana: quero ser médica
300 ## - DESCRIÇÃO FÍSICA
Extensão 50
362 0# - DATAS DE PUBLICAÇÃO E/OU DESIGNAÇÃO SEQUENCIAL
Datas de publicação e/ou designação sequencial 2010
697 ## - ENTRADA DE ASSUNTO LOCAL--ENTIDADE COLETIVA (RLIN)
Nome corporativo ou nome da jurisdição LITERATURA INFANTO-JUVENIL
942 ## - ELEMENTOS DE ENTRADA ADICIONADOS (KOHA)
Tipo de material Koha Livros
Holdings
Situação do descarte Situação das perdas Situação física Não pode ser emprestado Biblioteca de origem Biblioteca atual Data de aquisição Total de empréstimos Número de chamada completo Código de barras Data de último acesso Data do preço efetivo Tipo de material Koha
        Magnum Magnum 08/06/2024   869.2.1079 MAG00067495 08/06/2024 08/06/2024 Livros